000 00300 a2200133 4500
000 nam a22 7a 4500
100 _aNoan
110 _aNoan
245 _aMathematical logic through python
250 _alatest edition
260 _bcambridge
_c2025
264 _bcambridge
_c2025
942 _cBK
999 _c397143
_d397143